Smart globalization : designing global strategies, creating global networks / (Record no. 41218)

MARC details
000 -LEADER
campo de control de longitud fija 01488cam a22003734a 4500
001 - NÚMERO DE CONTROL
campo de control 30835
005 - FECHA Y HORA DE LA ÚLTIMA TRANSACCIÓN
campo de control 20230410115435.0
008 - DATOS DE LONGITUD FIJA--INFORMACIÓN GENERAL
campo de control de longitud fija 021017s2003 caua b 001 0 eng
035 ## - NÚMERO DE CONTROL DEL SISTEMA
Número de control de sistema 12971198
010 ## - NÚMERO DE CONTROL DE LA BIBLIOTECA DEL CONGRESO
Número de control de LC 2002152258
020 ## - NÚMERO INTERNACIONAL ESTÁNDAR DEL LIBRO
Número Internacional Estándar del Libro 0787965324 (alk. paper)
040 ## - FUENTE DE CATALOGACIÓN
Centro catalogador/agencia de origen DLC
Centro/agencia transcriptor DLC
Centro/agencia modificador DLC
042 ## - CÓDIGO DE AUTENTICACIÓN
Código de autenticación pcc
050 14 - SIGNATURA TOPOGRÁFICA DE LA BIBLIOTECA DEL CONGRESO
Número de clasificación HD 62.4
Número de ítem S636 2003
082 00 - NÚMERO DE LA CLASIFICACIÓN DECIMAL DEWEY
Número de clasificación 658/.049
Número de edición 21
245 00 - MENCIÓN DEL TÍTULO
Título Smart globalization : designing global strategies, creating global networks /
Mención de responsabilidad, etc. Anil K. Gupta, D. Eleanor Westney, editors.
250 ## - MENCION DE EDICION
Mención de edición 1st ed.
260 ## - PUBLICACIÓN, DISTRIBUCIÓN, ETC.
Lugar de publicación, distribución, etc. San Francisco :
Nombre del editor, distribuidor, etc. Jossey-Bass,
Fecha de publicación, distribución, etc. c2003.
300 ## - DESCRIPCIÓN FÍSICA
Extensión xii, 360 p. :
Otras características físicas ill. ;
Dimensiones 23 cm.
440 #4 - MENCIÓN DE SERIE/PUNTO DE ACCESO ADICIONAL--TÍTULO
Título The Jossey-Bass business & management series
500 ## - NOTA GENERAL
Nota general "MIT Sloan management review."
500 ## - NOTA GENERAL
Nota general A selection of articles first published in the MIT Sloan management review.
504 ## - NOTA DE BIBLIOGRAFÍA, ETC.
Nota de bibliografía, etc. Includes bibliographical references and index.
650 #0 - PUNTO DE ACCESO ADICIONAL DE MATERIA--TÉRMINO DE MATERIA
Término de materia o nombre geográfico como elemento de entrada International business enterprises
Subdivisión general Management.
650 #0 - PUNTO DE ACCESO ADICIONAL DE MATERIA--TÉRMINO DE MATERIA
Término de materia o nombre geográfico como elemento de entrada Globalization.
700 1# - ENTRADA AGREGADA--NOMBRE PERSONAL
Nombre de persona Gupta, Anil K.,
Fechas asociadas al nombre 1949-
700 1# - ENTRADA AGREGADA--NOMBRE PERSONAL
Nombre de persona Westney, D. Eleanor.
730 0# - ASIENTO SECUNDARIO--TITULO UNIFORME
Título uniforme MIT Sloan management review.
856 42 - LOCALIZACIÓN Y ACCESO ELECTRÓNICOS
Materiales especificados Contributor biographical information
Identificador Uniforme de Recursos <a href="http://www.loc.gov/catdir/bios/wiley046/2002152258.html">http://www.loc.gov/catdir/bios/wiley046/2002152258.html</a>
856 42 - LOCALIZACIÓN Y ACCESO ELECTRÓNICOS
Materiales especificados Publisher description
Identificador Uniforme de Recursos <a href="http://www.loc.gov/catdir/description/wiley0310/2002152258.html">http://www.loc.gov/catdir/description/wiley0310/2002152258.html</a>
856 41 - LOCALIZACIÓN Y ACCESO ELECTRÓNICOS
Materiales especificados Table of contents
Identificador Uniforme de Recursos <a href="http://www.loc.gov/catdir/toc/wiley031/2002152258.html">http://www.loc.gov/catdir/toc/wiley031/2002152258.html</a>
925 0# -
-- acquire
-- 2 shelf copies
-- policy default
942 ## - ELEMENTOS DE ENTRADA SECUNDARIOS (KOHA)
Fuente del sistema de clasificación o colocación Clasificación de Library of Congress
Tipo de ítem Koha
Holdings
Estatus retirado Estado de pérdida Fuente del sistema de clasificación o colocación Estado de daño No para préstamo Colección Biblioteca de origen Biblioteca actual Ubicación en estantería Fecha de adquisición Serial enumeration / chronology Signatura topográfica completa Código de barras Visto por última vez Copia número Tipo de ítem Koha
    Clasificación de Library of Congress     Ciencias Sociales Biblioteca Juan Bosch Biblioteca Juan Bosch Ciencias Sociales (3er. Piso) 10/04/2023 1 HD 62.4 S636 2003 00000013758 24/10/2018 1